Numéros des départements français #2 - Mort subite - Statistiques

Statistiques générales
  • Ce quiz a été pris 260 fois
    209 depuis la dernière actualisation
  • Le résultat moyen est 8 sur 15
Answers on the Grid
Answers color-coded by a green-red scale on the quiz's grid according to % correct below.
02 - Aisne
06 - Alpes-de-Haute-Provence
09 - Ariège
11 - Aube
12 - Aveyron
15 - Cantal
16 - Charente
22 - Côtes d'Armor
23 - Corrèze
26 - Drôme
30 - Gard
32 - Gers
36 - Indre et Loire
38 - Jura
41 - Landes
43 - Haute-Loire
45 - Lot
49 - Maine-et-Loire
53 - Mayenne
974 - La Réunion
978 - Guadeloupe
03 - Territoire de Belfort
90 - Essonne
86 - Haute-Vienne
85 - Vendée
76 - Seine-et-Marne
75 - Paris
73 - Sarthe
976 - Yonne
77 - Vosges
 
Statistiques - réponses
Réponse % Correct
75 - Paris
72%
02 - Aisne
59%
12 - Aveyron
56%
15 - Cantal
54%
26 - Drôme
52%
85 - Vendée
52%
22 - Côtes d'Armor
51%
30 - Gard
51%
09 - Ariège
48%
16 - Charente
44%
43 - Haute-Loire
44%
49 - Maine-et-Loire
44%
974 - La Réunion
44%
32 - Gers
40%
53 - Mayenne
40%
Aucun quiz correspondant
Distribution des résultats
% des personnes avec chaque résultat
Percentile par nombre de réponses
Votre historique - résultats
Vous n’avez pas pris ce quiz depuis la dernière actualisation